|
|
|
|
| LEADER |
00686cam a2200205 7i4500 |
| 001 |
0000050541 |
| 005 |
20170218090000.0 |
| 020 |
|
|
|a 9781259074011 (pbk.)
|
| 020 |
|
|
|a 1259074013 (pbk.)
|
| 090 |
0 |
0 |
|a HD4901
|b .M37 2013
|
| 100 |
1 |
|
|a McConnell, Campbell R
|
| 245 |
1 |
0 |
|a Contemporary labor economics
|c Campbell R. McConnell, Stanley L. Brue, David A. Macpherson.
|
| 250 |
|
|
|a 10th ed.
|
| 260 |
|
|
|a New York:
|b McGraw-Hill Education,
|c 2013.
|
| 300 |
|
|
|a xvi, 620 p.:
|b col. ill.;
|c 24 cm.
|
| 650 |
0 |
0 |
|a Labor economics
|
| 700 |
1 |
|
|a Macpherson, David A
|
| 700 |
1 |
|
|a Brue, Stanley L
|
| 997 |
|
|
|a Business & Accountancy, Faculty
|
| 999 |
|
|
|a 0000060291
|b BOK
|c OPEN SHELF
|e 1st Floor, Shah Alam
|